Most listened Radio channels in Luxembourg - Statistics

General Stats
  • This quiz has been taken 5 times
  • The average score is 4 of 6
Answer Stats
Language % Channel % Correct
🇩🇪 6,2 RTL - Radio
100%
🇱🇺 31,3 RTL Radio Lëtzebuerg
100%
🇱🇺 16,2 Eldoradio
60%
🇫🇷 10,5 L'Essentiel Radio
60%
🇵🇹/🇪🇸 2,4 Radio Latina
60%
🇱🇺 5,2 Radio 100,7
40%
No matching quizzes found
Score Distribution
Percent of People with Each Score
Percentile by Number Answered
Your Score History
You have not taken this quiz